| 000 | 00625nam a2200193Ia 4500 | ||
|---|---|---|---|
| 008 | 240729s9999 xx 000 0 und d | ||
| 022 | _a2597-4637 | ||
| 245 | 0 | _aKnowledge Engineering and Data Science | |
| 260 | _aIndonesia | ||
| 260 | _bUniversitas Negeri Malang | ||
| 650 | _a Electronic computers. Computer science | ||
| 650 | _a Information resources (General) | Science | ||
| 650 | _a Instruments and machines | ||
| 650 | _a Mathematics | ||
| 650 | _aBibliography. Library science. Information resources | ||
| 856 | _uhttps://doaj.org/toc/8bf37c7935a042619309b051eb543f03 | ||
| 942 | _2ddc | ||
| 942 | _cDOAJEJ | ||
| 999 |
_c70756 _d70756 |
||
| 945 |
_a1 _bMadushi Gamage _c1 _dMadushi Gamage |
||